000
00528nam a2200133Ia 4500
008
100328s9999 xx 000 0 und d
082
_b
12522
100
_a
---
245
_a
गु.रानडे यांच्या पुण्यस्मृति
260
_b
गणपती संस्थान प्रेस
630
_a
गु.रानडे यांच्या पुण्यस्मृति
730
_a
गु.रानडे यांच्या पुण्यस्मृति
942
_c
BOOK
999
_c
507768
_d
507765